Die vegetation der erde, nach ihrer klimatischen anordnung ; ein abriss der vergleichenden geograplue der pflanzen /

Bibliographic Details
Main Author: Grisebach, A. (August), 1814-1879
Format: Book
Language:German
Published: Leipzig : W. Engelmann, 1884.
Subjects:

MARC

Tag First Indicator Second Indicator Subfields
LEADER 00000cam a2200000 4500
001 in00000046352
005 20151007071327.0
008 760914s1884 gw b 00010 ger d
035 |a (OCoLC)02430132 
035 |9 AAE5759AM 
040 |a CtY  |c TKN  |d TKN  |d TXA  |d UtOrBLW 
049 |a TXAM  |v 1 [101454]  |v 2 [101455] 
090 |a QK101  |b .G7 1884 
092 |a 581.9  |b G869v2 
100 1 |a Grisebach, A.  |q (August),  |d 1814-1879. 
245 1 4 |a Die vegetation der erde, nach ihrer klimatischen anordnung ;  |b ein abriss der vergleichenden geograplue der pflanzen /  |c von A. Grisebach. 
264 1 |a Leipzig :  |b W. Engelmann,  |c 1884. 
300 |a 2 volumes :  |b folded map. 
336 |a text  |b txt  |2 rdacontent 
337 |a unmediated  |b n  |2 rdamedia 
338 |a volume  |b nc  |2 rdacarrier 
650 0 |a Phytogeography. 
999 |a MARS 
999 f f |s 314895bf-b72d-3a6b-a636-b41cd6b093f1  |i 9f2ec499-039c-3795-897c-2e5a0c4de2d9  |t 0 
952 f f |p ric  |a Texas A&M University  |b Rellis Campus  |c Joint Library Facility  |d Remote Storage  |t 0  |e QK101 .G7 1884  |h Library of Congress classification  |i unmediated -- volume  |k v.1  |m A14800991892 
952 f f |p ric  |a Texas A&M University  |b Rellis Campus  |c Joint Library Facility  |d Remote Storage  |t 0  |e QK101 .G7 1884  |h Library of Congress classification  |i unmediated -- volume  |k v.2  |m A14800991907 
998 f f |a QK101 .G7 1884  |s v.1-v.2  |t 0  |l Remote Storage